| 000 | 00000nam 2200000zi 4500 |
| 001 | 9.946547 |
| 003 | CaOODSP |
| 005 | 20250106154152 |
| 006 | m o d f |
| 007 | cr mn||||||||| |
| 008 | 250106e20241001onc ob f000 0 fre d |
| 040 | |aCaOODSP|bfre|erda|cCaOODSP |
| 043 | |an-cn--- |
| 086 | 1 |aYM32-3/441-C40F-PDF |
| 100 | 1 |aZazulya, Iryna, |eauteur. |
| 245 | 10|aProjet de Loi C-40 : |bLoi modifiant le Code criminel et d’autres lois en conséquence et abrogeant un règlement (examen des erreurs judiciaires) / |crévisé par Iryna Zazulya. |
| 264 | 1|aOttawa, Canada : |bBibliothèque du Parlement = Library of Parliament, |cle 1er octobre 2024. |
| 264 | 4|c©2024 |
| 300 | |a1 ressource en ligne (i, 15 pages). |
| 336 | |atexte|2rdacontent/fre |
| 337 | |ainformatique|bc|2rdamedia/fre |
| 338 | |aressource en ligne|bcr|2rdacarrier/fre |
| 490 | 1 |aRésumé législatif ; |vn° 44-1-C40-F |
| 500 | |aTitre de la couverture. |
| 500 | |aPublié aussi en anglais sous le titre : Bill C-40 : an Act to amend the Criminal Code, to make consequential amendments to other Acts and to repeal a regulation (miscarriage of justice reviews). |
| 504 | |aComprend des références bibliographiques (pages 13-15). |
| 610 | 16|aCanada. |tCode criminel. |
| 650 | 6|aErreur judiciaire|xDroit|zCanada|vLégislation. |
| 710 | 1 |aCanada. |bBibliothèque du Parlement, |eorganisme de publication. |
| 710 | 1 |aCanada. |bService d'information et de recherche parlementaires, |eorganisme de publication. |
| 775 | 08|tBill C-40 : |w(CaOODSP)9.946546 |
| 830 | #0|aRésumé législatif (Canada. Service d'information et de recherche parlementaires)|vn° 44-1-C40-F.|w(CaOODSP)9.501179 |
| 856 | 40|qPDF|s793 Ko|uhttps://publications.gc.ca/collections/collection_2025/bdp-lop/ls/YM32-3-441-C40-fra.pdf |